000 00600nam a22002057a 4500
005 20180523135518.0
010 _aA-714406
020 _c17.00
035 _aA-714406
037 _bBPPD/PUB
082 _a921
100 _aTagore, Alokendranath
245 _aAbanindranath Tagore:
_bprince among painters/
_cby Alokendranath Tagore
260 _aNew Delhi
_bNational Book Trust
_c1989
270 _aA5 Green Park
_bNew Delhi
_e110016
300 _av, 85p.
_c20cm(Hb)
500 _a
942 _2ddc
_cEN
_mTAG
_h921
999 _c152225
_d152225